• 首页
  • 本馆介绍
  • 公告通知
  • 最新文献
  • 馆藏检索
  • 电子资源
  • 读者导购
  • 参考咨询
  • 我的图书馆
  • 登录
  • 详细信息显示
  • 放入我的书架
  • 预约/预借图书
  • 作者相关作品
  • 分类相关作品
  • 丛书相关作品
  • 出版社相关作品

书目信息

  • 表格格式
  • 工作单格式
  • 卡片格式
题名:
国际养老建筑设计案例研究
    
 
作者: 安德森 著 ;袁逸倩 译
分册:  
出版信息: 天津   天津大学出版社  2019.01
页数: 314页
开本: 26cm
丛书名:
单 册:
中图分类: TU241.93
科图分类:
主题词: 老年人住宅--lao nian ren zhu zhai--建筑设计--案例--世界
电子资源:
ISBN: 978-7-5618-6075-5
000 01313nam0 2200265 450
001 0109110225
005 20201109110339.0
010    @a978-7-5618-6075-5@dCNY88.00
100    @a20190508d2019 em y0chiy50 ea
101 1  @achi@ceng
102    @aCN@b120000
105    @aa z 000yy
106    @ar
200 1  @a国际养老建筑设计案例研究@Aguo ji yang lao jian zhu she ji an li yan jiu@dDesign for aging: international case studies of building and program@f杰弗里·W. 安德森(Jeffrey W. Anderzhon)[等]著@g袁逸倩[等]译@zeng
210    @a天津@c天津大学出版社@d2019.01
215    @a314页@c图, 照片@d26cm
300    @a建筑设计系列国家自然科学基金资助
330    @a本书收集了美国、日本、澳大利亚等各国在养老设施建设上的优秀案例,并且这些案例跳出了单一的微观空间设计层面,从更宏观的角度探讨如何通过养老项目的设计与运营。在每个案例中,作者均分析了这些设施如何在满足当地居民需求的同时,兼顾了设计、地理环境、文化因素、医疗需求、资金成本等方面的差异。
510 1  @aDesign for aging: international case studies of building and program@zeng
606 0  @a老年人住宅@Alao nian ren zhu zhai@x建筑设计@x案例@y世界
690    @aTU241.93@v5
701  0 @c(美)@a安德森@Aan de sen@c(Anderzhon, Jeffrey W.)@4著
702  0 @a袁逸倩@Ayuan yi qian@4译
801  0 @aCN@bBJSZM@c20201103
905    @b1241079-82@dTU241.93@e1723@f4
    
    国际养老建筑设计案例研究=Design for aging: international case studies of building and program/杰弗里·W. 安德森(Jeffrey W. Anderzhon)[等]著/袁逸倩[等]译.-天津:天津大学出版社,2019.01
    314页:图, 照片;26cm
    建筑设计系列国家自然科学基金资助
    
    ISBN 978-7-5618-6075-5:CNY88.00
    本书收集了美国、日本、澳大利亚等各国在养老设施建设上的优秀案例,并且这些案例跳出了单一的微观空间设计层面,从更宏观的角度探讨如何通过养老项目的设计与运营。在每个案例中,作者均分析了这些设施如何在满足当地居民需求的同时,兼顾了设计、地理环境、文化因素、医疗需求、资金成本等方面的差异。
●
相关链接 在E读中查询图书 在五车中查询图书 在当当中查询图书 在豆瓣中查询图书


正题名:国际养老建筑设计案例研究     索取号:TU241.93/1723         预约/预借

序号 登录号 条形码 馆藏地/架位号 状态 备注
1 1241079   212410791   第二样本阅览室/ [索取号:TU241.93/1723] 在馆    
2 1241080   212410808   第三借阅区/ [索取号:TU241.93/1723] 在馆    
3 1241081   212410817   第三借阅区/ [索取号:TU241.93/1723] 在馆    
4 1241082   212410826   第三借阅区/ [索取号:TU241.93/1723] 在馆    
唐山师范学院图书馆 欢迎您!
大连网信软件有限公司© 版权所有